IFM Opac

Capital markets in the eec (Record no. 15318)

MARC details
000 -LEADER
fixed length control field 00295nam a22001217a 4500
020 ## - INTERNATIONAL STANDARD BOOK NUMBER
International Standard Book Number 0904655083
082 ## - DEWEY DECIMAL CLASSIFICATION NUMBER
Classification number 332.6 MOR
100 ## - MAIN ENTRY--PERSONAL NAME
Personal name Morgan, E Victor
245 ## - TITLE STATEMENT
Title Capital markets in the eec
260 ## - PUBLICATION, DISTRIBUTION, ETC.
Place of publication, distribution, etc. London
Name of publisher, distributor, etc. A wilton House special study
Date of publication, distribution, etc. 1977
300 ## - PHYSICAL DESCRIPTION
Extent 495p.
Other physical details ill, 25cm
942 ## - ADDED ENTRY ELEMENTS (KOHA)
Koha item type Books
Holdings
Withdrawn status Lost status Source of classification or shelving scheme Damaged status Not for loan Collection code Home library Current library Shelving location Date acquired Full call number Barcode Date last seen Price effective from Koha item type
    Dewey Decimal Classification     Non-fiction IFM Main Campus Library IFM Main Campus Library   02/09/2016 332.6 MOR 0000001260 02/09/2016 02/09/2016 Books